[Event "Muensterland Regionalliga 1617"]
[Site "Germany"]
[Date "2016.10.29"]
[Round "2.5"]
[White "Pollok, Ralf"]
[Black "Bruemmer, Andreas"]
[Result "1/2-1/2"]
[WhiteElo "1956"]
[BlackElo "1925"]
[PlyCount "93"]
[EventDate "2016.09.17"]
[EventType "team"]
[EventRounds "9"]
[EventCountry "GER"]
[SourceTitle "EXT 2018"]
[Source "ChessBase"]
[SourceDate "2017.10.13"]
[SourceVersion "1"]
[SourceVersionDate "2017.10.13"]
[SourceQuality "1"]
[WhiteTeam "Raesfeld Erle"]
[BlackTeam "Rheine Klein Berlin"]
[WhiteTeamCountry "GER"]
[BlackTeamCountry "GER"]

1. d4 f5 2. Bg5 g6 3. e4 fxe4 4. Nc3 d5 5. f3 e3 6. Bd3 Bg7 7. Nge2 c5 8. dxc5 Nc6 9. 0-0 d4 10. Ne4 Be6 11. Nf4 Bf7 12. Nd6+ exd6 13. Bxd8 Rxd8 14. cxd6 Rxd6 15. Re1 Nge7 16. Be4 Rf6 17. Ne2 Rd6 18. c3 0-0 19. cxd4 Nxd4 20. Qa4 Nec6 21. Nc3 Rfd8 22. Rxe3 b5 23. Nxb5 Nxb5 24. Qxb5 Bd4 25. Rae1 Ne5 26. b3 Be8 27. Qe2 Bb6 28. Qf2 Rd2 29. Qh4 Rxa2 30. Qe7 Nc6 31. Bxc6 Bxc6 32. Qe6+ Kg7 33. Qxc6 Rdd2 34. Qc3+ Kh6 35. Qxd2 Rxd2 36. Kf1 Bxe3 37. Rxe3 Rb2 38. h3 Kg5 39. Kg1 h5 40. Kh2 h4 41. Re5+ Kf6 42. Rb5 Rb1 43. b4 a6 44. Rb6+ Kf5 45. Rxa6 Rxb4 46. Ra2 Kf4 47. Re2 1/2-1/2

[Event "Muensterland Verbandsklasse-A 0910"]
[Site "Germany"]
[Date "2010.04.24"]
[Round "9.2"]
[White "Pollok, Ralf"]
[Black "Reinhold, Klaus"]
[Result "1/2-1/2"]
[WhiteElo "2006"]
[BlackElo "1932"]
[PlyCount "50"]
[EventDate "2009.09.19"]
[EventType "team-tourn"]
[EventRounds "9"]
[EventCountry "GER"]
[SourceTitle "EXT 2011"]
[Source "ChessBase"]
[SourceDate "2010.11.26"]
[SourceVersion "1"]
[SourceVersionDate "2010.11.26"]
[SourceQuality "1"]
[WhiteTeam "Raesfeld Erle"]
[BlackTeam "Gronau"]
[WhiteTeamCountry "GER"]
[BlackTeamCountry "GER"]

1. d4 d5 2. Nf3 Nf6 3. c4 c6 4. Nc3 dxc4 5. a4 Bf5 6. Ne5 Nbd7 7. Nxc4 Qc7 8. g3 e5 9. dxe5 Nxe5 10. Bf4 Nfd7 11. Bg2 g5 12. Nxe5 gxf4 13. Nxd7 0-0-0 14. Qd4 Qxd7 15. Qxf4 Bd6 16. Qe3 Rhe8 17. Qd4 Be5 18. Qxd7+ Rxd7 19. a5 Bxc3+ 20. bxc3 Kc7 21. Bf3 Be4 22. Bxe4 Rxe4 23. e3 Rd3 24. 0-0 Rc4 25. Rfc1 Rcxc3 1/2-1/2

[Event "Muensterland Verbandsklasse-B 0506"]
[Site "Germany"]
[Date "2006.01.21"]
[Round "5.2"]
[White "Pollok, Ralf"]
[Black "Hoeing, Johannes"]
[Result "1-0"]
[WhiteElo "2021"]
[BlackElo "1978"]
[PlyCount "55"]
[EventDate "2005.09.03"]
[EventType "team-tourn"]
[EventRounds "9"]
[EventCountry "GER"]
[SourceTitle "EXT 2006"]
[Source "ChessBase"]
[SourceDate "2005.11.24"]
[SourceVersion "1"]
[SourceVersionDate "2005.11.24"]
[SourceQuality "1"]
[WhiteTeam "Raesfeld Erle"]
[BlackTeam "Suedlohn II"]
[WhiteTeamCountry "GER"]
[BlackTeamCountry "GER"]

1. d4 Nf6 2. c4 c5 3. d5 e6 4. Nc3 exd5 5. cxd5 d6 6. e4 g6 7. f4 Bg7 8. e5 dxe5 9. fxe5 Ng4 10. Bb5+ Kf8 11. Nf3 Nxe5 12. 0-0 Bg4 13. Be2 Bxf3 14. Bxf3 h6 15. Be3 Nbd7 16. Qe2 Kg8 17. Rad1 Kh7 18. d6 Nxf3+ 19. Qxf3 b6 20. Qxf7 Ne5 21. Qd5 Qd7 22. h3 Rhf8 23. Bf4 Nc6 24. Bg3 Rae8 25. Rxf8 Rxf8 26. Re1 Rf7 27. Kh2 Bd4 28. Re7 1-0

[Event "Muensterland Verbandsklasse-B 0304"]
[Site "Germany"]
[Date "2004.04.17"]
[Round "9.2"]
[White "Hoeing, Johannes"]
[Black "Pollok, Ralf"]
[Result "1/2-1/2"]
[WhiteElo "1960"]
[BlackElo "1933"]
[PlyCount "31"]
[EventDate "2003.09.20"]
[EventType "team-tourn"]
[EventRounds "9"]
[EventCountry "GER"]
[SourceTitle "EXT 2005"]
[Source "ChessBase"]
[SourceDate "2004.11.15"]
[SourceVersion "1"]
[SourceVersionDate "2004.11.15"]
[SourceQuality "1"]
[WhiteTeam "Suedlohn II"]
[BlackTeam "Raesfeld Erle"]
[WhiteTeamCountry "GER"]
[BlackTeamCountry "GER"]

1. Nf3 Nf6 2. g3 g6 3. Bg2 Bg7 4. 0-0 0-0 5. d3 d5 6. c3 Nbd7 7. Qc2 e5 8. e4 c6 9. a4 Qc7 10. b3 Re8 11. Nbd2 Bf8 12. Bb2 b6 13. Rfe1 dxe4 14. dxe4 Ba6 15. Bf1 Bxf1 16. Kxf1 1/2-1/2

[Event "Muensterland Verbandsklasse-B 0304"]
[Site "Germany"]
[Date "2003.10.04"]
[Round "2.2"]
[White "Roescher, Mark"]
[Black "Pollok, Ralf"]
[Result "1-0"]
[WhiteElo "2022"]
[BlackElo "1933"]
[PlyCount "43"]
[EventDate "2003.09.20"]
[EventType "team-tourn"]
[EventRounds "9"]
[EventCountry "GER"]
[SourceTitle "EXT 2005"]
[Source "ChessBase"]
[SourceDate "2004.11.15"]
[SourceVersion "1"]
[SourceVersionDate "2004.11.15"]
[SourceQuality "1"]
[WhiteTeam "Heiden"]
[BlackTeam "Raesfeld Erle"]
[WhiteTeamCountry "GER"]
[BlackTeamCountry "GER"]

1. c4 Nf6 2. Nc3 d5 3. cxd5 Nxd5 4. e4 Nb4 5. d4 Qxd4 6. Qe2 c6 7. Be3 Qd8 8. Rd1 Qa5 9. Qd2 e6 10. a3 N4a6 11. Nf3 Be7 12. e5 0-0 13. Bd3 Nd7 14. Bf4 Rd8 15. Qc2 Nf8 16. 0-0 c5 17. Bg5 Bxg5 18. Nxg5 h6 19. Bh7+ Nxh7 20. Qxh7+ Kf8 21. Qh8+ Ke7 22. Qxg7 1-0

[Event "Muensterland Verbandsklasse-B 0203"]
[Site "Muensterland"]
[Date "2003.04.05"]
[Round "8.1"]
[White "Gronde, Ingo"]
[Black "Pollok, Ralf"]
[Result "1-0"]
[WhiteElo "2170"]
[BlackElo "2015"]
[PlyCount "55"]
[EventDate "2002.09.28"]
[EventType "team-tourn"]
[EventRounds "9"]
[EventCountry "GER"]
[SourceTitle "EXT 2004"]
[Source "ChessBase"]
[SourceDate "2003.11.25"]
[SourceVersion "1"]
[SourceVersionDate "2003.11.25"]
[SourceQuality "1"]
[WhiteTeam "Olfen"]
[BlackTeam "Raesfeld Erle"]
[WhiteTeamCountry "GER"]
[BlackTeamCountry "GER"]

1. e4 c5 2. Nf3 Nc6 3. d4 cxd4 4. Nxd4 Nf6 5. Nc3 e5 6. Ndb5 d6 7. Bg5 a6 8. Na3 b5 9. Bxf6 gxf6 10. Nd5 f5 11. Bd3 Be6 12. 0-0 Bxd5 13. exd5 Ne7 14. c3 Bg7 15. Qh5 e4 16. Bc2 Qc8 17. Rae1 b4 18. Ba4+ Kf8 19. cxb4 Bxb2 20. Qh6+ Kg8 21. Qxd6 Ng6 22. Nc2 Be5 23. Qd7 Nh4 24. Ne3 Qb8 25. Nxf5 Nxf5 26. Qxf5 Qd6 27. g3 Kf8 28. Rxe4 1-0